[Event "Alcorcon Diagonal op 2nd"]
[Site "Alcorcon"]
[Date "2023.12.27"]
[Round "3"]
[White "Bartolome Benito, Alejandro"]
[Black "Alfaro Aldunate, Amaya"]
[Result "1-0"]
[WhiteElo "1769"]
[BlackElo "1361"]
[PlyCount "113"]
[EventDate "2023.12.26"]
[EventType "swiss"]
[EventRounds "9"]
[EventCountry "ESP"]
[SourceTitle "CB01_2024"]
[SourceDate "2024.01.03"]
[SourceVersion "1"]
[SourceVersionDate "2024.01.03"]
[SourceQuality "1"]

1. e4 c5 2. Nf3 Nc6 3. d4 cxd4 4. Nxd4 g6 5. Nc3 Bg7 6. Be3 Nf6 7. Bc4 0-0 8. 0-0 Nxe4 9. Nxe4 d5 10. Nxc6 bxc6 11. Bd3 dxe4 12. Bxe4 Qc7 13. c3 Be6 14. Qa4 Rfc8 15. Rfd1 Rab8 16. b3 a5 17. Rac1 Be5 18. g3 Bd6 19. Kg2 Bd7 20. Qd4 c5 21. Qd2 Bc6 22. Bxc6 Qxc6+ 23. Qd5 c4 24. bxc4 Qxc4 25. Qxa5 Ra8 26. Qd5 Qxa2 27. Qxa2 Rxa2 28. c4 Ba3 29. Rc3 Bb4 30. Rcc1 Ba3 31. Ra1 Rxa1 32. Rxa1 Bb2 33. Rb1 Ba3 34. c5 Kf8 35. Rb3 Ra8 36. Kf3 Ke8 37. Ke4 Kd7 38. Rb7+ Ke6 39. Rb6+ Kd7 40. Kd5 Rc8 41. Rb7+ Rc7 42. c6+ Kc8 43. Rb3 e6+ 44. Ke5 Be7 45. Rc3 Bf8 46. Kf6 Bb4 47. Rc4 Ba3 48. Bd4 Bf8 49. Bb6 Re7 50. Bc5 Re8 51. Kxf7 Bxc5 52. Kxe8 Bxf2 53. Ke7 Bg1 54. h3 e5 55. Kd6 Bh2 56. Ra4 Kd8 57. Ra8# 1-0

[Event "ESP-ch U12 Rapid"]
[Site "Salobrena"]
[Date "2022.07.16"]
[Round "4"]
[White "Bartolome Benito, Alejandro"]
[Black "Rey Martinez, Jaime"]
[Result "0-1"]
[WhiteElo "1441"]
[BlackElo "1910"]
[PlyCount "48"]
[EventDate "2022.07.09"]
[EventType "swiss (rapid)"]
[EventRounds "9"]
[EventCountry "ESP"]
[SourceTitle "EXT 2023"]
[Source "ChessBase"]
[SourceDate "2022.10.05"]
[SourceVersion "1"]
[SourceVersionDate "2022.10.05"]
[SourceQuality "1"]

1. e4 c5 2. Nf3 Nf6 3. e5 Nd5 4. Nc3 e6 5. d4 Nxc3 6. bxc3 d5 7. Be2 Nc6 8. 0-0 Be7 9. Bf4 0-0 10. Qd2 b6 11. Bd3 Bb7 12. Ng5 h6 13. Nh7 c4 14. Nxf8 cxd3 15. Nxe6 fxe6 16. Qxd3 Qf8 17. Be3 Na5 18. Qe2 Rc8 19. Qg4 Qf5 20. Qxf5 exf5 21. Bd2 Nc4 22. Be1 Na3 23. Rc1 Ba6 24. c4 Bxc4 0-1

[Event "Madrid-ch Previa-B"]
[Site "Madrid"]
[Date "2022.03.19"]
[Round "7"]
[White "Lozano Argueso, Cesar"]
[Black "Bartolome Benito, Alejandro"]
[Result "1-0"]
[WhiteElo "1723"]
[BlackElo "1553"]
[PlyCount "71"]
[EventDate "2022.03.03"]
[EventType "swiss"]
[EventRounds "9"]
[EventCountry "ESP"]
[SourceTitle "EXT 2023"]
[Source "ChessBase"]
[SourceDate "2022.10.05"]
[SourceVersion "1"]
[SourceVersionDate "2022.10.05"]
[SourceQuality "1"]

1. e4 c5 2. Nf3 Nc6 3. d4 cxd4 4. Nxd4 g6 5. c4 Bg7 6. Be3 Nf6 7. Nc3 Ng4 8. Qxg4 Nxd4 9. Qd1 e5 10. Qd2 0-0 11. Rc1 d6 12. Bg5 f6 13. Bh6 Be6 14. h4 f5 15. h5 f4 16. Bxg7 Kxg7 17. Ne2 Nxe2 18. Bxe2 g5 19. h6+ Kh8 20. Rd1 Rc8 21. Qb4 Qb6 22. Qxb6 axb6 23. Rxd6 Bxc4 24. Rxb6 Bxa2 25. b3 Rfd8 26. 0-0 Rc2 27. Bc4 Rd7 28. Re6 Rd8 29. Rxe5 g4 30. Re7 g3 31. fxg3 fxg3 32. Rd7 Re8 33. Rff7 Rc1+ 34. Bf1 Bxb3 35. Rxh7+ Kg8 36. Rdg7+ 1-0

[Event "Madrid-ch U12"]
[Site "Madrid"]
[Date "2021.04.17"]
[Round "2"]
[White "Rey Martinez, Jaime"]
[Black "Bartolome Benito, Alejandro"]
[Result "1-0"]
[WhiteElo "1932"]
[BlackElo "1268"]
[PlyCount "63"]
[EventDate "2021.04.17"]
[EventType "swiss"]
[EventRounds "5"]
[EventCountry "ESP"]
[SourceTitle "EXT 2023"]
[Source "ChessBase"]
[SourceDate "2022.10.05"]
[SourceVersion "1"]
[SourceVersionDate "2022.10.05"]
[SourceQuality "1"]

1. e4 c5 2. Nf3 Nc6 3. d4 cxd4 4. Nxd4 Nf6 5. Nc3 e5 6. Ndb5 d6 7. Bg5 a6 8. Bxf6 gxf6 9. Na3 Be6 10. Bc4 Qd7 11. Bxe6 fxe6 12. Nc4 Qc7 13. Qh5+ Qf7 14. Qh3 0-0-0 15. Ne3 Nd4 16. b4 b6 17. Ne2 Nxe2 18. Kxe2 h5 19. a4 Bh6 20. c4 Bxe3 21. Qxe3 Qc7 22. Rhc1 Kd7 23. a5 Rb8 24. c5 dxc5 25. axb6 Qxb6 26. bxc5 Qc6 27. Qd3+ Kc7 28. Rxa6 Qb5 29. Rxe6 Qb2+ 30. Rc2 Rhd8 31. Re7+ Kc6 32. Qa6+ 1-0